Partes del Cuerpo - ¡Muerte Súbita! #2 - Estadísticas

Estadísticas generales
  • Esta prueba ha sido intentada 453 veces
  • La puntuación promedio es 11 de 20
Answers on the Grid
Answers color-coded by a green-red scale on the quiz's grid according to % correct below.
Amígdala
Cerebelo
Colon
Coma
Deltoides
Diafragma
Disyuntor
Dracma
Fascia
Fíes
Folículo
Hioides
Horocrux
Incisivos
Isquiotibiales
Laringe
Lémur
Metacarpiano
Nervio Ciático
Nervio coronario tardío
Pectoral mayor
Placenta
Remo
Retina
Septum
Tendón de Aquiles
Varsovia
Vejiga natatoria
Vena yugular
Vesícula
 
Estadísticas de respuestas
Respuesta % Correcto
Amígdala
94%
Cerebelo
84%
Colon
84%
Diafragma
82%
Laringe
72%
Deltoides
70%
Metacarpiano
63%
Isquiotibiales
62%
Incisivos
59%
Folículo
55%
Nervio Ciático
55%
Vesícula
53%
Retina
52%
Tendón de Aquiles
50%
Vena yugular
48%
Pectoral mayor
46%
Placenta
45%
Fascia
33%
Hioides
27%
Septum
13%
No se encontraron pruebas coincidentes
Distribución de puntuación
Porcentaje de gente con cada puntuación
Porcentaje por número respondido
Historial de tus puntuaciones
No has intentado esta prueba.